Statistics for Geography of The Witcher

Click here to take the quiz!

General Stats

  • This quiz has been taken 271 times
  • The average score is 16 of 44

Answer Stats

GroupHint 1Hint 2Hint 3Answer% Correct
Northern KingdomsCalanthe-CirillaCintra
94%
Northern KingdomsMeve-GeraltLyria and Rivia
93%
Northern KingdomsFoltestVizimaTriss MerigoldTemeria
88%
Northern KingdomsVizimir IITretogorOxenfurtRedania
87%
Northern KingdomsBranKaer TroldeArchipelagoSkellige
87%
Northern KingdomsDemavend IIIVengerbergYenneferAedirn
80%
Northern KingdomsHenseltArd CarraighBan ArdKaedwen
80%
Other Northern StatesCyrus Engelkind Hemmelfart-Free CityNovigrad
77%
Northern KingdomsTankred ThyssenLan Exeter/Pont VanisRich in mineralsKovir and Poviss
74%
Other Northern StatesEithnéDuén CanellDryadsBrokilon
67%
Provinces and Vassals of the Nilfgaardian EmpireAnna HenriettaBeauclairWineToussaint
62%
Northern VassalsVseradGors _____BoggyVelen
52%
Northern VassalsBrouver HoogMount CarbonDwarvesMahakam
49%
Northern KingdomsEthain-RissbergCidaris
48%
Northern VassalsVenzlav-DillingenBrugge
47%
Northern VassalsFrancesca FindabairSilver TowersFlowersDol Blathanna
45%
Other LandsMerineaevelth-Warrior WomenZerrikania
45%
Other LandsNibras-RunewrightsOfir
34%
Northern VassalsDuke Windhalm-RainfarnAttre
26%
Provinces and Vassals of the Nilfgaardian EmpireAdamAssengard (formerly)SilverNazair
24%
Provinces and Vassals of the Nilfgaardian Empire--Academy of MagicVicovaro
24%
Northern VassalsHereward-Temple of MeliteleEllander
22%
Provinces and Vassals of the Nilfgaardian EmpireZivelina-HotspurnMetinna
22%
Provinces and Vassals of the Nilfgaardian Empire--Stygga CastleEbbing
21%
Provinces and Vassals of the Nilfgaardian EmpireHoët-MistleMaecht
18%
Hengfors League Members--ReaversCrinfrid
16%
Provinces and Vassals of the Nilfgaardian Empire--CasadeiGeso
16%
Northern VassalsJurkast-MayenaMaribor
14%
Hengfors League MembersGuiscard Vermuellen-TancarvilleCreyden
13%
Provinces and Vassals of the Nilfgaardian EmpirePuppet King-Tower of the WindsGemmera
13%
Other Lands--Horse WarriorsHaakland
13%
Provinces and Vassals of the Nilfgaardian EmpireImperial Governor-SeasideEtolia
12%
Northern VassalsIgnatius Verrieres-VillageWhite Orchard
11%
Provinces and Vassals of the Nilfgaardian Empire-TerganoClansMag Turga
10%
Other Lands--Ther LukokianZangvebar
10%
Hengfors League Members--BlankaMalleore
9%
Hengfors League Members--The Pensive DragonBarefield
8%
Northern VassalsDuke Agloval-Dragons FangsBremervoord
8%
Northern Vassals--Aedd GynvaelNarok
8%
Northern Vassals--ZukeykaTalgar
8%
Northern VassalsAbradJamurlak-Yamurlak
6%
Other Lands--White DragonsFar North
5%
Hengfors League MembersKing NiedamirHengforsGyllenstiernCairngorn
4%
Hengfors League MembersBryton-Barony within another memberCreigiau
4%

Score Distribution

Percentile by Number Answered

Percent of People with Each Score

Your Score History

You have not taken this quiz